Nennen Sie die 10 größten Ölförderländer - Statistiken

Allgemein
  • Dieses Quiz wurde 108 mal gespielt
  • Das Durchschnittsergebnis liegt bei 8 aus 10
Antwortstatistiken
Millionen Antwort % Korrekt
11,81 Saudi-Arabien
96%
19,51 Vereinigte Staaten
96%
11,49 Russland
93%
4,89 China
82%
3,19 Iran
80%
4,74 Irak
75%
5,50 Kanada
75%
4,01 Vereinigte Arabische Emirate
75%
2,94 Kuwait
58%
3,67 Brasilien
53%
Keine übereinstimmenden Quizze gefunden
Verteilung der Resultate
Anzahl Personen mit jedem Resultat
Perzentil nach korrekt beantworteten Fragen
Ihre Resultats-Entwicklung
Sie haben dieses Quiz noch nicht gespielt